A Topoľníkyi nemesítő állomáson 103,6 mázsa szemeskukorica termett egy hektáron

Bibliographic Details
Main Author: Šanta, Michal (Author)
Format: Book
Language:Hungarian
PhysicalDescription:26, [1] s. fotogr., tab. 21 cm
Published: Bratislava Mezőgazdasági Kiadó 1961
Series:Mezőgazdasági Időszerüségek
A magyhozamok mesterei
Subjects:

MARC

LEADER 00000cam a2200000 a 4500
001 vtls008353147
003 SK-MaSNL
005 20260301094622.0
008 230403s1961 xo o g f 000 0 hun
015 |a SNBA1962/08-01393 
020 |q (brožované) 
035 |a SK01SNK19620045364 
035 |a urn:nbn:sk:snk-am3ij9c 
035 |a 82AC598E-65A3-4C1E-A2FC-B8E0C2DEE11C 
035 |a urn:nbn:sk:snk-am00elfq 
035 |a SKM000047827 
040 |a SNK  |b slo  |c SNK  |e AACR2 
041 0 |a hun 
043 |a e-xo--- 
044 |a xo  |c SK 
072 7 |a 633  |x Rastlinná výroba  |2 konspekt 
080 |a 633.15(035)=945.11  |2 1981 
080 |a 633  |2 2011 
080 |a (437.612)  |2 2011 
080 |a (035)  |2 2011 
100 1 |a Šanta, Michal  |4 aut  |9 5086 
245 1 0 |a A Topoľníkyi nemesítő állomáson 103,6 mázsa szemeskukorica termett egy hektáron  |c Michal Šanta 
260 |a Bratislava  |b Mezőgazdasági Kiadó  |c 1961  |e Bratislava  |f Západoslovenské tlačiarne 41 
300 |a 26, [1] s.  |b fotogr., tab.  |c 21 cm 
490 1 |a Mezőgazdasági Időszerüségek  |v köt. 37/M 
490 1 |a A nagyhozamok mesterei 
650 0 7 |a kukurica  |2 SNKPH  |9 16138 
650 0 7 |a pestovanie poľných rastlín  |2 SNKPH  |9 31784 
651 7 |a Topoľníky (Slovensko)  |2 SNKPHgeo  |9 26166 
655 7 |a príručky  |2 SNKPH  |9 74364 
830 0 |a Mezőgazdasági Időszerüségek  |9 428690 
830 0 |a A magyhozamok mesterei  |9 428691 
852 |a Slovenská národná knižnica 
954 |a odborná, vedecká literatúra cudzojazyčná (svetová)  |2 lita 
958 |a TL 
958 |a RK 
958 |a HU 
958 |a BQ 
958 |a OND 
958 |a EUIPO 
999 |c 680824  |d 682754 
952 |a SNK  |b SNK  |y PREZ  |7 0  |p 17A0841342  |o snkSC 16650  |i snkKSP 3025/62  |0 0  |1 0  |4 0  |d 2020-04-20  |f 1  |l 0  |r 2025-07-18 00:00:00  |w 2026-02-23